নতুন উদ্যোক্তাদের জন্য ১১১ ব্যবসায়িক আইডিয়া / (Record no. 13040)
[ view plain ]
| 000 -LEADER | |
|---|---|
| fixed length control field | 00698nam a2200217 a 4500 |
| 001 - CONTROL NUMBER | |
| JCCL Control Number | 13040 |
| 003 - CONTROL NUMBER IDENTIFIER | |
| JCCL marc code | BD-JhCC |
| 005 - DATE AND TIME OF LATEST TRANSACTION | |
| control field | 20230615085240.0 |
| 008 - FIXED-LENGTH DATA ELEMENTS--GENERAL INFORMATION | |
| fixed length control field | 230614b2022 b ||||| ||a| 00| 0 eng d |
| 020 ## - INTERNATIONAL STANDARD BOOK NUMBER | |
| International Standard Book Number | 9789849474326 |
| 035 ## - SYSTEM CONTROL NUMBER | |
| system control number | (BD-JhCC)13040 |
| 040 ## - CATALOGING SOURCE | |
| Original cataloging agency | BD-JhCC |
| Modifying agency | BD-JhCC |
| 041 ## - LANGUAGE CODE | |
| Language code of Book | eng |
| 082 ## - DEWEY DECIMAL CLASSIFICATION NUMBER | |
| Classification number | 658 |
| Author mark and Year | MOL 2022 |
| 100 ## - MAIN ENTRY--PERSONAL NAME | |
| Personal name | মোল্লা, মামুন |
| 245 ## - TITLE STATEMENT | |
| Title | নতুন উদ্যোক্তাদের জন্য ১১১ ব্যবসায়িক আইডিয়া / |
| Statement of responsibility, etc | মামুন মোল্লা |
| 260 ## - PUBLICATION, DISTRIBUTION, ETC. (IMPRINT) | |
| Place of publication, distribution, etc | ঢাকা: |
| Name of publisher, distributor, etc | ভাষাচিত্র; |
| Date of publication, distribution, etc | 2022 |
| 300 ## - PHYSICAL DESCRIPTION | |
| Pagination | 96p. : |
| Dimensions | 21 cm. |
| 650 ## - SUBJECT ADDED ENTRY--TOPICAL TERM | |
| Topical term or geographic name as entry element | Business |
| 942 ## - ADDED ENTRY ELEMENTS (KOHA) | |
| Source of classification or shelving scheme | Dewey Decimal Classification |
| Koha item type | Books |
| Source of classification or shelving scheme | Damaged status | Not for loan | Home library | Current library | Shelving location | Date of accession | Cost, normal purchase price | Total Checkouts | Full call number | Barcode | Date last seen | Date checked out | Copy number | Method of acquisition | Koha item type | Currency |
|---|---|---|---|---|---|---|---|---|---|---|---|---|---|---|---|---|
| Dewey Decimal Classification | JCC Rouf Library | JCC Rouf Library | General Stacks | 06/14/2023 | 225.00 | 2 | 658 MOL 2022 | 17954 | 10/31/2023 | 10/28/2023 | C-1 | Purchase | Books | BDT |